Trouve la célébrité - Statistiques

Statistiques générales
  • Ce quiz a été pris 289 fois
  • Le résultat moyen est 8 sur 16
Statistiques - réponses
Par images Réponse % Correct
Billie Eilish
87%
Charles Leclerc
85%
Leon Marchand
77%
Kylie Jenner
72%
Kamala Harris
65%
Pablo Escobar
65%
Maxence
57%
Jim Carrey
55%
Kate Middleton
54%
Daniel Craig
46%
Gigi Hadid
45%
Lucy Hale
27%
Benson Boone
23%
Travis Kelce
19%
Phoebe Dynevor
12%
Marta Diaz
2%
Aucun quiz correspondant
Distribution des résultats
% des personnes avec chaque résultat
Percentile par nombre de réponses
Votre historique - résultats
Vous n’avez pas pris ce quiz